[Event "Eger Agria op 40th"]
[Site "Eger"]
[Date "2016.07.19"]
[Round "3"]
[White "Klenoczky, Daniel"]
[Black "Kovacs, Daniel1111"]
[Result "0-1"]
[WhiteElo "1669"]
[BlackElo "1972"]
[PlyCount "28"]
[EventDate "2016.07.18"]
[EventType "swiss"]
[EventRounds "8"]
[EventCountry "HUN"]
[SourceTitle "EXT 2020"]
[Source "ChessBase"]
[SourceDate "2019.10.17"]
[SourceVersion "1"]
[SourceVersionDate "2019.10.17"]
[SourceQuality "1"]

1. e4 c6 2. d4 d5 3. Nc3 Nf6 4. exd5 Nxd5 5. Nxd5 cxd5 6. h3 Nc6 7. Nf3 Bf5 8. Bb5 Qa5+ 9. Qd2 Qxb5 10. b3 e6 11. a4 Qa6 12. Ba3 Bxa3 13. Rxa3 0-0 14. b4 Qc4 0-1

[Event "HUN-chT2 Erkel 1516"]
[Site "Hungary"]
[Date "2015.11.29"]
[Round "5.12"]
[White "Hortobagyi, Attila"]
[Black "Klenoczky, Daniel"]
[Result "0-1"]
[WhiteElo "1684"]
[BlackElo "1628"]
[PlyCount "78"]
[EventDate "2015.09.13"]
[EventType "team-tourn"]
[EventRounds "11"]
[EventCountry "HUN"]
[SourceTitle "CBM 170 Extra"]
[Source "ChessBase"]
[SourceDate "2016.02.25"]
[SourceVersion "1"]
[SourceVersionDate "2016.02.25"]
[SourceQuality "1"]
[WhiteTeam "Budapest MTK II"]
[BlackTeam "Salgotarjan"]
[WhiteTeamCountry "HUN"]
[BlackTeamCountry "HUN"]

1. e4 e5 2. Nf3 Nc6 3. d4 exd4 4. Bc4 Bc5 5. 0-0 Nf6 6. e5 d5 7. exf6 dxc4 8. Re1+ Be6 9. Ng5 0-0 10. fxg7 Re8 11. Qh5 Kxg7 12. Nxe6+ fxe6 13. Bh6+ Kh8 14. Qxc5 Qd5 15. Qxd5 exd5 16. Nd2 Nb4 17. c3 dxc3 18. bxc3 Rxe1+ 19. Rxe1 Nxa2 20. Nb1 d4 21. cxd4 b5 22. Re2 Nb4 23. Rb2 a5 24. Bd2 Rd8 25. Bxb4 axb4 26. Rxb4 Rxd4 27. Kf1 c3 28. Nxc3 Rxb4 29. Ke2 Rb2+ 30. Ke3 c5 31. Ne4 Rb3+ 32. Kd2 c4 33. h4 b4 34. Kc2 Ra3 35. Kb2 c3+ 36. Kc2 Ra2+ 37. Kb1 Re2 38. Nc5 Rxf2 39. Nd3 Rxg2 0-1

[Event "HUN-chT2 Erkel 1516"]
[Site "Hungary"]
[Date "2015.10.04"]
[Round "2.12"]
[White "Klenoczky, Daniel"]
[Black "Varga, Istvan"]
[Result "0-1"]
[WhiteElo "1596"]
[BlackElo "1731"]
[PlyCount "56"]
[EventDate "2015.09.13"]
[EventType "team-tourn"]
[EventRounds "11"]
[EventCountry "HUN"]
[SourceTitle "CBM 170 Extra"]
[Source "ChessBase"]
[SourceDate "2016.02.25"]
[SourceVersion "1"]
[SourceVersionDate "2016.02.25"]
[SourceQuality "1"]
[WhiteTeam "Salgotarjan"]
[BlackTeam "Matra"]
[WhiteTeamCountry "HUN"]
[BlackTeamCountry "HUN"]

1. e4 c5 2. Nc3 e5 3. Bc4 d6 4. d3 Nf6 5. Bg5 Be7 6. Nge2 0-0 7. 0-0 Nc6 8. Qd2 Nd4 9. f4 h6 10. Bxf6 Bxf6 11. Nd5 Nxe2+ 12. Qxe2 exf4 13. Nxf4 Bxb2 14. Rab1 Bd4+ 15. Kh1 Bf6 16. Qh5 Qd7 17. Nd5 Be5 18. Rf3 Kh7 19. Rbf1 f6 20. h3 b5 21. Bxb5 Qxb5 22. Nc7 Qa5 23. Nxa8 Be6 24. a3 Rxa8 25. g4 Qc3 26. R1f2 Bd4 27. Re2 Qa1+ 28. Kg2 Qg1# 0-1